The dark side of organizational behavior / (Record no. 13414)

000 -LEADER
fixed length control field 00544cam a22001934a 4500
020 ## - INTERNATIONAL STANDARD BOOK NUMBER
ISBN 0787962236 (alk. paper)
040 ## - CATALOGING SOURCE
Transcribing agency DLC
082 00 - DEWEY DECIMAL CLASSIFICATION NUMBER
Classification number 302 JOS 2004 A011 Or.
245 04 - TITLE STATEMENT
Title The dark side of organizational behavior /
250 ## - EDITION STATEMENT
Edition statement 1st ed
260 ## - PUBLICATION, DISTRIBUTION, ETC. (IMPRINT)
Place of publication San Francisco :
Name of publisher Jossey-Bass,
Year of publication c2004
300 ## - PHYSICAL DESCRIPTION
Number of Pages xxvi, 515 p. :
Other physical details ill. ;
Dimensions 24 cm
490 1# - SERIES STATEMENT
Series statement The organizational frontiers series
650 #0 - SUBJECT ADDED ENTRY--TOPICAL TERM
Topical Term Quality of work life
650 #0 - SUBJECT ADDED ENTRY--TOPICAL TERM
Topical Term Work environment
700 1# - ADDED ENTRY--PERSONAL NAME
Personal name Griffin, Ricky W
700 1# - ADDED ENTRY--PERSONAL NAME
Personal name O'Leary-Kelly, Anne
942 ## - ADDED ENTRY ELEMENTS (KOHA)
Koha item type សៀវភៅភាសាអង់គ្លេស
952 ## - LOCATION AND ITEM INFORMATION (KOHA)
Withdrawn status [LOCAL, KOHA] 0
Holdings
Permanent Location Date acquired Koha item type Lost status Shelving location Barcode Current Location Full call number
Library Block A2017-08-26សៀវភៅភាសាអង់គ្លេស A072A07705Library Block A302 JOS 2004 A072 Or.
មជ្ឈមណ្ឌលឯការនៃសាកលវិទ្យាល័យភូមិន្ទកសិកម្មចំការដូង

Powered by Koha